| 000 | 00422nam a2200181Ia 4500 | ||
|---|---|---|---|
| 008 | 210210b1958 xxu||||| |||| 00| 0 eng d | ||
| 041 | _aeng | ||
| 082 | _a320/448 | ||
| 100 | _aPARKINSON (N C) | ||
| 245 | _aEvolution of political thought | ||
| 260 |
_a _bNot Mentioned _c1958 |
||
| 650 | _athought | ||
| 650 | _apolitical | ||
| 650 | _aof | ||
| 650 | _aEvolution | ||
| 690 | _aPolitical Science | ||
| 906 | _a003092 | ||
| 999 |
_c118425 _d118425 |
||